| 000 | 00000nam##2200000za#4500 |
| 001 | 9.574541 |
| 003 | CaOODSP |
| 005 | 20210624184231 |
| 007 | cr ||||||||||| |
| 008 | 150406|2006||||xxc|||||o f|0| 0 eng|d |
| 040 | |aCaOODSP|beng |
| 043 | |an-cn--- |
| 086 | 1 |aTU3-5/06-39E-PDF |
| 110 | 2 |aTransportation Safety Board of Canada. |
| 245 | 10|aCargo door opening on take-Off - Kelowna Flightcraft Air Charter Ltd. Boeing 727-227 C-GJKF, Regina, Saskatchewan, 13 December 2006 |h[electronic resource] |
| 260 | |aGatineau - Quebec : |bTransportation Safety Board of Canada |c2007. |
| 300 | |a7p.|bphotographs |
| 490 | 1 |aAviation investigation report |vA06C0204 |
| 500 | |a"The Board authorized the release of this report on 08 November 2007" --p.7. |
| 590 | |a12-33-Supp|b2012-07-18 |
| 775 | 08|tOuverture d'une porte de soute au décollage du Boeing 727-227 C-GJKF, exploité par Kelowna Flightcraft Air Charter Ltd. à Regina (Saskatchewan), le 13 décembre 2006 |w(CaOODSP)9.604285 |
| 830 | #0|aAviation investigation report ;|vA06C0204|w(CaOODSP)9.504825 |
| 856 | 40|ahttp://publications.gc.ca|qPDF|s192 KB|uhttps://publications.gc.ca/collections/collection_2012/bst-tsb/TU3-5-06-39-eng.pdf|yA06C0204 |